000 00269nam a2200109Ia 4500
001 587448
005 20250717113816.0
008 250717s9999 xx 000 0 und d
245 0 _aX-6 ŞAŞIRT KENDİNİ
_cLISA CURRIE
260 _bTİMAŞ YAYINLARI
_c2020
300 _b18
999 _c587448
_d587448